00542nam a2200181Ia 4500003000900000005001700009008004100026040003300067041000800100080001300108100002900121245001500150260004600165300002800211942000700239952009700246999001700343LK-CoDNM20240807102243.0010623t1917 xxu||||| |||| 00| 1 eng d aLK-CoDNMdLK-CoDNMeLK-CoDNM aeng a16 bR15 aJackson,Margaret Talbot. aThe Museum bLongmans Green and CompanyaLondonc1917 bxi, 280p. : ill ; 19 cm cBK 001041708OBCaMAINbMAINcREFd2024-08-07l0o16 R15pOB4709r2024-08-07w2024-08-07yBK c89139d89139